Search Results
Showing Item 3 of 10
Available copies
- 23 of 23 copies available at Headquarters.
Current holds
0 current holds with 23 total copies.
| Location | Call Number / Copy Notes | Barcode | Shelving Location | Status | Due Date |
|---|---|---|---|---|---|
| Headquarters | 201 JFIC/GIB | 000000194204 | Childrens' Fiction | Available | - |
| Headquarters | 201 JFIC/GIB | 000000194211 | Childrens' Fiction | Available | - |
| Accra Central Library | 201 JFIC/GIB | 000000176880 | Childrens' Fiction - CHN | Available | - |
| Accra Central Library | 201 JFIC/GIB | 000000194136 | Childrens' Fiction - EXT | Available | - |
| Accra Central Library | 201 JFIC/GIB | 000000194143 | Childrens' Fiction - CHN | Available | - |
| Accra Central Library | 201 JFIC/GIB | 000000194167 | Childrens' Fiction - EXT | Available | - |
| Accra Central Library | 201 JFIC/GIB | 000000194174 | Childrens' Fiction - EXT | Available | - |
| Accra Central Library | 201 JFIC/GIB | 000000194280 | Childrens' Fiction - LEND | Available | - |
| Accra Central Library | 201 JFIC/GIB | 000000194297 | Childrens' Fiction - LEND | Available | - |
| Accra Central Library | 201 JFIC/GIB | 000000194303 | Childrens' Fiction - CHN | Available | - |
| Next 10 » | |||||
Record details
- ISBN: 9780007464869
- Physical Description: Paperback
- Publisher: London Collins Education 2012
Search for related items by subject
| Subject: | Werewolves |
| LDR | 00620cam a2200205Ka 4500 | ||
|---|---|---|---|
| 001 | 309 | ||
| 003 | HQ | ||
| 005 | 20190815095441.0 | ||
| 008 | 070101s enka cr6 1 eng d | ||
| 020 | . | ‡a9780007464869 | |
| 037 | . | ‡aBook Aid | |
| 082 | . | ‡aJFIC/GIB | |
| 100 | . | ‡aAlan Gibbons | |
| 245 | . | ‡aLone Wolf | |
| 260 | . | ‡aLondon ‡bCollins Education ‡c2012 | |
| 300 | . | ‡aPaperback | |
| 650 | . | ‡aWerewolves | |
| 901 | . | ‡a309 ‡bAUTOGEN ‡c309 ‡tbiblio | |
Search Results
Showing Item 3 of 10

Add to basket
Permalink
Disable Highlighting